Statistics for Texas Rangers: All-Star Selections

Click here to take the quiz!

General Stats

  • This quiz has been taken 57 times
  • The average score is 18 of 62

Answer Stats

Position Amount of Selections Player % Correct
C10Iván Rodríguez
98%
3B3Álex Rodríguez
95%
P1Nolan Ryan
90%
3B3Adrián Beltré
90%
OF5Josh Hamilton
88%
OF2Juan González
75%
SS2Elvis Andrus
70%
SS7Michael Young
65%
2B3Ian Kinsler
65%
P4Yu Darvish
60%
1B1Rafael Palmeiro
58%
3B4Buddy Bell
53%
RF1Nelson Cruz
48%
P3Kenny Rogers
43%
P1Cole Hamels
43%
P1Cliff Lee
38%
1B1Prince Fielder
38%
LF2Alfonso Soriano
38%
RF3Rubén Sierra
35%
SS3Julio Franco
35%
P1Kevin Brown
35%
1B1Will Clark
33%
C2Jim Sundberg
33%
3B3Toby Harrah
30%
P1Charlie Hough
30%
1B1Mark Teixeira
30%
P1C.J. Wilson
28%
P1Neftalí Feliz
28%
OF1Jeff Burroughs
25%
3B2Hank Blalock
23%
P2Joe Nathan
20%
RF1Vladimir Guerrero
18%
P2John Wetteland
18%
1B1Mike Napoli
18%
OF4Frank Howard
18%
OF2Al Oliver
18%
OF1Gary Matthews
15%
P1Francisco Cordero
13%
P2Jeff Russell
13%
3B1Larry Parrish
10%
OF1Richie Zisk
10%
1B1Mike Hargrove
10%
SS1Ian Desmond
10%
P1Matt Harrison
10%
P1Aaron Sele
10%
P1Alexi Ogando
10%
2B1Dave Nelson
8%
SS1Bert Campaneris
8%
P1Roger Pavlik
5%
OF1Milton Bradley
5%
LF1Gary Ward
5%
P1Darold Knowles
3%
P1Jim Kern
3%
P1Jeff Zimmerman
3%
P1Rick Honeycutt
3%
OF1Chuck Hinton
3%
1B1Jim Spencer
0%
C1Don Leppert
0%
P2Pete Richert
0%
P3Dave Stenhouse
0%
P3Dick Donovan
0%
C1Paul Casanova
0%

Score Distribution

Percentile by Number Answered

Percent of People with Each Score

Your Score History

You have not taken this quiz